01574nam a22002537a 4500003001700000005001700017008004100034020001800075040000700093041001200100082001700112100002700129245002400156250000800180260002900188300003000217365006300247520073700310650004401047700004601091942001201137999001901149952015201168St Aloysius Coll20251029111150.0251029b |||||||| |||| 00| 0 eng d a9789353502881 cAL aEnglish a616.89bBARA aDavid H Barlow9243103 aAbnormal psychology a8th aAustraliabCengagec2024 axxvi,745pbPBc26.5x21cm. 2Generala4225b₹812.00c₹d₹1015.00e20%f23/10/2025 aBalancing biological, psychological, social, and cultural approaches, this book S ground-breaking integrative approach is the most modern, scientifically valid method for studying abnormal psychology. Updated with leading-edge research findings, the eighth edition draws on the expertise of David H. Barlow, V. Mark Durand, and Stefan G hofmann, three internationally recognized experts in clinical psychology. In abnormal psychology: an integrative approach, the authors successfully blend sophisticated research with an accessible, engaging writing style. They go beyond simply describing different schools of thought on psychological disorders, exploring the interactions of the various forces that contribute to psychopathology. 2Abnormal PsychologyaPsychology9243104 aDurand, V MarkdHofmann, Stefan G9243105 2ddccBK c240599d240599 00102ddc40708CPSYaSACPGbSACPGd2025-10-28eBiblios Book Pointg812.00l0o616.89 BARApPG025115r2025-10-29 11:13:18v1015.00w0000-00-00yBK